000
00308nam a22001337a 4500
008
171009b xxu||||| |||| 00| 0 eng d
020
_a
x0002op2yt
041
_a
eng
080
_a
159.9
100
_a
49
101
_a
PSI
245
_a
LAB MANUAL FOR PSYCHOLOGICAL RESEARCH
_c
MCBRIDE, D.M
942
_2
udc
_c
BK
999
_c
32618
_d
32618